Do Androids dream of electric sheep?
San Francisco lies under a cloud of radioactive dust. People live in half-deserted apartment buildings, and keep electric animals as pets because so many real animals have died. Most people emigrate to Mars - unless they have a job to do on Earth. Like Rick Deckard - android killer for the police an...
Guardado en:
| Autor principal: | |
|---|---|
| Formato: | Libro |
| Lenguaje: | Undetermined |
| Publicado: |
Đồng Nai
Nxb. Đồng Nai
2009
|
| Materias: | |
| Etiquetas: |
Agregar Etiqueta
Sin Etiquetas, Sea el primero en etiquetar este registro!
|
| Thư viện lưu trữ: | Trung tâm Học liệu Trường Đại học Cần Thơ |
|---|
| LEADER | 01245nam a2200217Ia 4500 | ||
|---|---|---|---|
| 001 | CTU_149446 | ||
| 008 | 210402s9999 xx 000 0 und d | ||
| 020 | |c 20000 | ||
| 082 | |a 823.9 | ||
| 082 | |b D547 | ||
| 100 | |a Dick, Philip K. | ||
| 245 | 0 | |a Do Androids dream of electric sheep? | |
| 245 | 0 | |c Philip K. Dick | |
| 260 | |a Đồng Nai | ||
| 260 | |b Nxb. Đồng Nai | ||
| 260 | |c 2009 | ||
| 520 | |a San Francisco lies under a cloud of radioactive dust. People live in half-deserted apartment buildings, and keep electric animals as pets because so many real animals have died. Most people emigrate to Mars - unless they have a job to do on Earth. Like Rick Deckard - android killer for the police and owner of an electric sheep. This week he has to find, identify, and kill six androids which have escaped from Mars. They're machines, but they look and sound and think like humans - clever, dangerous humans. They will be hard to kill. The film Blade Runner was based on this famous novel. | ||
| 650 | |a English language,Ngôn ngữ tiếng Anh,Fictions,Truyện hư cấu | ||
| 650 | |x Readers,Người thích đọc sách | ||
| 904 | |i Trọng Hiếu | ||
| 980 | |a Trung tâm Học liệu Trường Đại học Cần Thơ | ||